000 01185nam a2200253 a 4500
001 000269421
003 AM-YeHGA
005 20250618074629.0
008 031008s1939 ai ||||gr|||||||||0|arm|d
040 _aAM-YeHGA
041 0 _aarm
245 0 0 _aՍասունցի Դավիթ :
_bՀայկական ժողովրդական եպոս /
_cԿազմ.՝ Մ. Աբեղյան և ուրիշ. ; Նկ.՝ Մ. Աբեղյան, Ս. Ալթունյան.
246 3 5 _aДавид Сасунский : Армянский народный эпос
260 _aՅերեվան :
_bՀայպետհրատ,
_c1939.
300 _a382 էջ
650 1 4 _aԳեղարվեստական գրականություն
_xԷպոս
700 1 _aԱբեղյան, Մանուկ Խաչատուրի,
_d1865-1944
_eկազմ.
_4com
_976
700 1 _aՂանալանյան, Արամ Տիգրանի,
_d1909-1983
_eկազմ.
_4com
_91591
700 1 _aԱբով, Գևորգ Արշակի
_d1897-1965
_eկազմ.
_4com
_974
700 1 _aԱբեղյան, Մհեր Մանուկի
_d1909-1994
_eնկ.
_4art
_9149
700 1 _aԱլթունյան, Ստեփան,
_cնկարիչ,
_d1893-1945
_eնկ.
_4art
_92503
942 _2udc
_cBK
090 _c381963
999 _c380042
_d380042